La expedición de los diez mil
Zapisane w:
| 1. autor: | |
|---|---|
| Format: | Książka |
| Język: | hiszpański |
| Wydane: |
Ciudad de México
Porrúa
1978
|
| Wydanie: | 2a. ed |
| Seria: | Coleccion Sepan cuantos, 245
|
| Hasła przedmiotowe: | |
| Etykiety: |
Dodaj etykietę
Nie ma etykietki, Dołącz pierwszą etykiete!
|
MARC
| LEADER | 00000nam a2200000 a 4500 | ||
|---|---|---|---|
| 001 | UCY2228 | ||
| 003 | CL-VaPUC | ||
| 008 | 941017e19780000MX |||||||||||||||||spa|d | ||
| 082 | 0 | 4 | |a 183.2 |b JEN |2 21 |
| 100 | |a Jenofonte |e author |9 335230 | ||
| 245 | 1 | 3 | |a La expedición de los diez mil |
| 246 | 1 | 0 | |a Recuerdos de Sócrates |
| 246 | 1 | 3 | |a El banquete |
| 246 | 1 | 0 | |a Apología de Socrates |
| 250 | |a 2a. ed | ||
| 300 | |a 239 p | ||
| 942 | |c BK | ||
| 945 | |d 19941017 00:00:00 |a mfernand | ||
| 260 | |a Ciudad de México |b Porrúa |c 1978 | ||
| 650 | 0 | |a Filosofía antigua |9 255705 | |
| 583 | |a last modification |c 19941017 00:00:00 |k Rodrigo Vera | ||
| 490 | 0 | |a Coleccion Sepan cuantos, 245 | |
| 999 | |c 230693 |d 230691 | ||
| 952 | |0 0 |1 0 |4 0 |6 183_200000000000000_JEN_1978 |7 0 |8 P |9 233167 |a BIBARQ |b BIBARQ |d 2019-11-15 |i 3027430 |o 183.2 JEN 1978 |p 3027430 |r 2025-01-20 |w 2019-11-15 |y BK |k ARQ | ||
| 952 | |0 0 |1 0 |4 0 |6 183_200000000000000_JEN_1978 |7 0 |8 A |9 233168 |a BIBEDU |b BIBEDU |d 2019-11-15 |i 1562983 |l 1 |o 183.2 JEN 1978 |p 1562983 |r 2023-10-12 |s 2023-10-10 |w 2019-11-15 |y BK |k FIL | ||